000 00790nam a2200205Ii 4500
003 JO-AjNU
008 230605s9999||||xx |||||||||||||| ||und||
017 _a1998/10/1800
040 _aJO-AjNU
_bara
_erda
_cJO-AjNU
041 _aara
050 1 4 _aHF5415.13.a4224 1999
100 3 _aالعلاق، بشير ، م.مشارك قحطان العبدلي، م.مشارك سعد غالب ياسين,
_eauthor
_957243
245 0 0 _aاستراتيجيات التسويق= Marketin Strategies
264 3 1 _aعمان: دار زهران للنشر والتوزيع، 1999
300 _a300ص
_bيحتوي ببلوغرافية من ص 295-300ص
336 _atext
_btxt
_2rdacontent
337 _aunmediated
_bn
_2rdamedia
338 _avolume
_bnc
_2rdacarrier
650 4 _aالتسويق
_957244
999 _aA25639
_c29207
_d29207